|
|
|
|
| LEADER |
00000nam a22000007a 4500 |
| 005 |
2021121507317.0 |
| 007 |
cr|||| ||| |
| 008 |
211215s2021 br |||||s|||| 00||0 por d |
| 020 |
|
|
|a 978-65-5515-216-6
|
| 035 |
|
|
|a 35489
|
| 040 |
|
|
|a vLex
|
| 090 |
|
|
|c 12724
|d 12724
|
| 100 |
1 |
|
|a Albuquerque Lobo, Fabiola
|
| 245 |
1 |
0 |
|a Multiparentalidade
|h [Recurso electrn̤ico] :
|b efeitos no direito de faml̕ia /
|c Fabiola Albuquerque Lobo
|
| 256 |
|
|
|a Servicio en ln̕ea
|
| 260 |
|
|
|a Indaiatuba:
|b Editora Foco,
|c 2021
|
| 300 |
|
|
|a 1 recurso electrn̤ico
|
| 500 |
|
|
|a “Este profc̕uo caminho sobre a compreensô da multiparentalidade em nosso sistema jurd̕ico apresenta ainda mais uma parada antes das suas concluse̳s. Um momento especf̕ico para refletir sobre o tratamento do tema no Estado de Louisiana (EUA), paradigma destacado no voto do relator da matřia quando do julgamento do RE 898.060; afinal, nô ̌possv̕el incorrer no erro de se importar acriticamente institutos e soluė̳s desconectadas da evoluȯ̂ social e doutrinr̀ia de nosso meio. Ao estabelecer, como premissa, a relaȯ̂ necessr̀ia entre multiparentalidade e socioafetividade, sustentando que esta antecede q̉uela, Fabo̕la apresenta perspectiva fundamental para a compreensô de seu pensamento, num momento histr̤ico de pouco debate acadm̊ico sobre os limites e possibilidades da multiparentalidade. Conclui que em vr̀ios aspectos, a decisô do STF em anl̀ise nô considerou adequadamente a sl̤ida produȯ̂ acadm̊ica sobre a filiaȯ̂ socioafetiva e sua distinȯ̂ com o direito ao conhecimento de ascendn̊cia genťica que havia dčadas vinha sendo empregada em nosso pas̕. É justamente atravš da interlocuȯ̂ entre multiparentalidade e socioafetividade que a autora prope̳ uma interpretaȯ̂ adequada ̉criaȯ̂ de limites para a aplicaȯ̂ da multiparentalidade, que, em sua compreensô, deve ter aplicaȯ̂ excepcional, restrita a situaė̳s nas quais o sistema jurd̕ico nô apresenta resposta adequada para o conflito entre as parentalidades socioafetiva e biolg̤ica. Aqui reside uma importante contribuiȯ̂ da autora, que mesmo restringindo sua anl̀ise aos efeitos da multiparentalidade no direito de faml̕ia, prope̳ premissas que igualmente podem ser aplicadas s̉ repercusse̳s do instituto nos direitos sucessr̤ios”.
|
| 506 |
1 |
|
|a Disponible solo en los productos indicados
|d vLex Global
|d vLex Global (Academic Edition, excluding Law Schools)
|d vLex Global (U.S. Academic Edition, Law Schools)
|d vLex Global (U.S. Academic Edition, excluding Law Schools)
|d vLex Global (Academic Edition, Law Schools)
|
| 650 |
0 |
4 |
|a Familia y Sucesiones
|z Brasil
|
| 740 |
0 |
|
|a vLex Libros (Servicio en ln̕ea)
|
| 856 |
4 |
0 |
|u https://app.vlex.com/#/sources/35489
|z Acceso restringido
|
| 942 |
|
|
|c BOOK
|
| 999 |
0 |
|
|a Family and Successions
|